Kiepsko narysowane flagi #1 - Statystyki

Ogólne statystyki
  • Ten quiz został rozwiązany 7 180 razy
  • Średni wynik to 13 z 16
Statystyki odpowiedzi
Obrazkowy Odpowiedź % Poprawnych
Albania
99%
Brazylia
97%
Norwegia
95%
Korea Północna
94%
Republika Południowej Afryki
94%
Malta
93%
Meksyk
93%
Singapur
84%
Angola
81%
Kirgistan
74%
Uzbekistan
74%
Saint Lucia
63%
Republika Zielonego Przylądka
56%
Namibia
53%
Saint Vincent i Grenadyny
51%
Vanuatu
50%
Nie znaleziono quizów pasujących do podanych kryteriów
Rozkład punktacji
Procent ludzi z każdym wynikiem
Percentyl według liczby udzielonych odpowiedzi
Twoja historia wyników
Nie rozwiązałeś tego quizu